header

Public debt dynamics (Record no. 51438)

MARC details
000 -LEADER
fixed length control field 01240nam a2200313Ia 4500
100 1# - MAIN ENTRY--AUTHOR NAME
Personal name Cherif, Reda.
245 10 - TITLE STATEMENT
Title Public debt dynamics
260 ## - PUBLICATION, DISTRIBUTION, ETC. (IMPRINT)
Place of publication Washington, DC :
Name of publisher International Monetary Fund,
Year of publication 2012.
300 ## - PHYSICAL DESCRIPTION
Number of Pages 27 p. :
Other physical details ill.
490 0# - SERIES STATEMENT
Series statement IMF working paper ;
650 #0 - SUBJECT ADDED ENTRY--TOPICAL TERM
Topical Term Debts, Public.
Topical Term Inflation (Finance)
700 1# - ADDED ENTRY--PERSONAL NAME
Personal name Hasanov, Fuad,
856 40 - ELECTRONIC LOCATION AND ACCESS
Uniform Resource Identifier http://site.ebrary.com/lib/rucke/Doc?id=10627032

No items available.

© 2026 Rongo University
Contact us: librarian | system librarian | Rongo university